00377nam a22001337a 4500003000400000008004100004020001800045082001900063100002500082245004500107260005300152300001200205650002600217OSt241227b2023 |||||||| |||| 00| 0 eng d a9788175974050 a170.835bTEJ-V aTejomayananda, Swami aVictorious youth /cSwami Tejomayananda. aMumbai :bCentral Chinmaya Mission Trust,c2023. a75 p. ; aYouth-Conduct of life